Explorations of mathematical models in biology with Maple / (Record no. 3742)

MARC details
000 -LEADER
fixed length control field 01647cam a2200229 i 4500
008 - FIXED-LENGTH DATA ELEMENTS--GENERAL INFORMATION
fixed length control field 140506t20152015njua b 001 0 eng
020 ## - INTERNATIONAL STANDARD BOOK NUMBER
ISBN 9781118032114 (hardback)
020 ## - INTERNATIONAL STANDARD BOOK NUMBER
ISBN 111803211X (hardcover)
100 1# - MAIN ENTRY--AUTHOR
Author Shahin, Mazen,
245 10 - TITLE STATEMENT
Title Explorations of mathematical models in biology with Maple /
Statement of responsibility, etc Mazen Shahin, Department of Mathematical Sciences, Delaware State University, Dover, DE, USA.
260 ## - PUBLICATION, DISTRIBUTION, ETC. (IMPRINT)
Place of publication New Jersey
Name of publisher John Wiley & Son
Date of publication 2015
300 ## - COLLATION
Pagination xi, 292 pages :
Other physical details illustrations ;
520 ## - SUMMARY, ETC.
Summary, etc "With an emphasis on Maple applications to showcase graphical and numerical techniques, this book investigates and analyzes the behavior of solutions of mathematical models and also features interesting linear and nonlinear models from diverse disciplines, such as biology, ecology, and environment. It utilizes difference equations, matrix algebra, and Markov chains as the main mathematical tools. It is an ideal book for students of mathematical biology, theoretical ecology, bioeconomics, forensic science, applied mathematics, and environmental science"--
520 ## - SUMMARY, ETC.
Summary, etc "This book focuses on mathematical models in biology and utilizes difference equations, matrix algebra, and Markov chains as the main mathematical tools. In addition, Maple, a computer algebra system, as well as cooperative learning initiatives are integrated"--
650 #0 - TRACINGS
Main Subject Biology
Subdivision (2nd) Mathematical models.
650 #0 - TRACINGS
Main Subject Biology
Subdivision (2nd) Data processing.
650 #7 - TRACINGS
Main Subject SCIENCE / Life Sciences / Biophysics.
856 42 - ELECTRONIC LOCATION AND ACCESS
URL http://catalogimages.wiley.com/images/db/jimages/9781118032114.jpg
942 ## - ADDED ENTRY ELEMENTS (KOHA)
Item type Books
050 00 - LIBRARY OF CONGRESS CALL NUMBER
Classification number QH323.5
Item number .S464
082 00 - DEWEY DECIMAL CLASSIFICATION NUMBER
Classification number 570.1/51
Holdings
Source of classification or shelving scheme Not for loan Permanent location Current location Date acquired Accession No. Full call number Barcode. Koha item type
Library of Congress Classification   Samuel Ogbemudia Main Library, University of Abuja Samuel Ogbemudia Main Library, University of Abuja 06/02/2025 2024/64297 QH323..5.S46 2025-2310 Books